000 00528nam a22001817a 4500
003 OSt
005 20180116183105.0
008 170728b xxu||||| |||| 00| 0 eng d
020 _a9788120339811
040 _c0
082 _a658.7 SRI 2014
100 _aG. Srinivasan
245 _aQuantitative Models in Oprations and Supply Chain Management
_cG. Srinivasan
260 _aDelhi
_bPHI Learning
_c2014
300 _a286p.
_bpb
440 _aQuantitative Models in Oprations and Supply Chain Management
942 _2ddc
_cBK
999 _c352010
_d352010